000 00942nam a22002417a 4500
999 _c1036
_d1036
001 000546
003 CoMeUDC000546
005 20190130192621.0
008 130821s2004 sp gr spa
020 _a8482359754
040 _aCo-BoUCM
_bspa
_cCoMeUDC
041 0 0 _aspa
082 0 4 _a657.021
_220
_bI61
110 2 _aInternational Accounting Standards Committee Foundation. IASCF
245 1 0 _aNormas internacionales de información financiera (NIIF) 2004 donde también se incluyen las normas internacionales de contabilidad (NIC) y sus interpretaciones
_cInternational Accounting Standards Committee Foundation
260 _aMadrid (España) :
_bNIIF,
_c2004.
300 _a1500 páginas ;
504 _aIncluye índice y bibliografía.
650 0 4 _aContabilidad
_97449
650 0 4 _aContabilidad
_vNormas
_97449
650 0 4 _aEstados financieros
_vNormas
_915032
942 _cBK
_a16
_e1
_mI612n
_2ddc
_h657.30218